| 000 | 00836nam a22002417a 4500 | ||
|---|---|---|---|
| 999 |
_c1860 _d1860 |
||
| 003 | AR-CdUCM | ||
| 008 | 190228b ||||| |||| 00| 0 spa d | ||
| 020 | _a8401441617 | ||
| 040 |
_aMUNICIPALIDAD PROVINCIAL DEL CUSCO _cBIBLIOTECA MUNICIPAL DEL CUSCO |
||
| 041 | _hfre | ||
| 082 |
_a848.9 / _bB45 |
||
| 100 |
_aBernanos, Georges _96813 |
||
| 245 |
_aDiálogos de las carmelitas : _bbasado en una novela de Gertrud Von Le Fort y puesta en escena por R.P Bruckberger y Fhilippe Agostini / |
||
| 260 |
_aBarcelona : _bPlaza & Janes, _c1976. |
||
| 300 |
_a157 páginas ; _c18 cm. |
||
| 440 |
_aRotativa _96814 |
||
| 650 |
_aTeatro histórico francés _96815 |
||
| 650 |
_aTeatro siglo XX _92960 |
||
| 650 |
_aRevolución, 1789-1799 _96816 |
||
| 700 |
_aFuente, Ana M. de la (traductora) _96817 |
||
| 942 |
_2ddc _cLIBROS |
||
| 945 | _azta | ||